Città italiane per qualità di vita - Statistics

Statistiche generali
  • Questo quiz è stato fatto 126 volte
  • Il punteggio medio è 11 su 15
Statistiche sulle risposte
Città % Corretto
5 Trento
92%
8 Milano
90%
1 Bologna
86%
3 Firenze
86%
7 Trieste
84%
2 Bolzano
83%
12 Udine
79%
9 Parma
76%
14 Bergamo
74%
6 Aosta
68%
10 Pisa
65%
13 Reggio Emilia
58%
4 Siena
54%
11 Cremona
52%
15 Sondrio
42%
Nessun quiz corrispondente trovato
Distribuzione punteggi
Percentuale di utenti per punteggio
Percentile per numero di risposta
I tuoi punteggi nel tempo
Non hai fatto questo quiz